Ziffern von Pi - Statistiken

Allgemein
  • Dieses Quiz wurde 704 mal gespielt
  • Das Durchschnittsergebnis liegt bei 29 aus 50
Antwortstatistiken
# Ziffer % Korrekt
1 3,
100%
2 1
98%
4 1
98%
3 4
98%
5 5
98%
6 9
94%
7 2
93%
8 6
92%
9 5
90%
10 3
88%
11 5
87%
12 8
85%
13 9
83%
14 7
80%
15 9
79%
16 3
77%
17 2
75%
18 3
73%
19 8
70%
20 4
69%
21 6
66%
22 2
63%
23 6
60%
24 4
59%
25 3
56%
26 3
55%
27 8
54%
28 3
52%
29 2
50%
30 7
47%
31 9
43%
32 5
42%
33 0
41%
34 2
39%
35 8
38%
36 8
36%
37 4
35%
38 1
33%
39 9
31%
41 1
30%
40 7
30%
42 6
27%
43 9
27%
44 3
26%
45 9
25%
46 9
24%
47 3
23%
50 1
22%
48 7
22%
49 5
21%
Keine übereinstimmenden Quizze gefunden
Verteilung der Resultate
Anzahl Personen mit jedem Resultat
Perzentil nach korrekt beantworteten Fragen
Ihre Resultats-Entwicklung
Sie haben dieses Quiz noch nicht gespielt